| 000 | 02032cam a22004574i 4500 | ||
|---|---|---|---|
| 003 | PE-LiUPU | ||
| 005 | 20250731172807.0 | ||
| 008 | 150617s1976 sp rb 000 0 spa d | ||
| 035 | _a(Sirsi) a13429 | ||
| 040 |
_aPE-LiUPU _bspa _cPE-LiUPU _erda |
||
| 049 | _aPRUA | ||
| 082 | 0 | 4 |
_a230 _bT79 _221 |
| 100 | 1 |
_aTrenchard, Ernesto, _eautor. |
|
| 245 | 1 | 0 |
_aEstudios de Doctrina Bíblica / _cErnesto Trenchard. |
| 264 | 1 |
_aMadrid : _bLiteratura Bíblica, _c1976. |
|
| 300 |
_a398 páginas ; _c19 centímetros |
||
| 336 |
_atext _2rdacontent |
||
| 337 |
_aunmediated _2rdamedia |
||
| 338 |
_avolume _2rdacarrier |
||
| 504 | _aIncluye bibliografía. | ||
| 505 | 0 | _aRevelación e inspiración -- La Biblia -- La deidad -- El hombre y el pecado -- La persona de Cristo -- La obra de la Cruz -- Propiciación y Expiación -- La justificación por la fe -- La reconciliación -- La redención -- La salvación -- La resurrección y la ascensión de Cristo -- La obra mediadora de Cristo -- La persona y obra del Espíritu -- regeneración y conversión -- La santificación -- Los pactos Bíblicos -- La gracia, la fe y las obras -- El reino de Dios y la Iglesia. El reino -- El reino de Dios y la Iglesia -- La Iglesia -- La segunda venida de Cristo y las últimas cosas. | |
| 526 | _aSEG42 | ||
| 526 | _aSEG41 | ||
| 526 | _aSEG40 | ||
| 526 | _aSEG39 | ||
| 526 | _aP94 | ||
| 526 | _aP87 | ||
| 526 | _aP86 | ||
| 526 | _aP85 | ||
| 526 | _aP77 | ||
| 526 | _aP76 | ||
| 526 | _aP35 | ||
| 650 | 0 | 4 |
_aTeología bíblica. _91347 |
| 910 |
_ajck _bjvq _cjck _d20150616 |
||
| 942 |
_2ddc _cBOOK |
||
| 949 |
_a230 T79 _wDEWEY _c1 _i18443 _lCCODEBUL1 _mBUL _p00.00 _r0 _sY _tBOOK _u19801219 _xTEOLOGIA _PP35 _0COMPRA _o.STAFF. Colección General |
||
| 994 |
_aC0 _bPEPRU |
||
| 596 | _a1 | ||
| 999 |
_a230 T79 _wDEWEY _c3795 _i18443 _d3795 _e2017-10-29 _f2021-11-9 _g5 _lCCODEBUL1 _mBUL _n6 _p12.00 _q1 _r0 _sY _tBOOK _u2015-6-17 _xTEOLOGIA _PP35 _0COMPRA _o.STAFF. Colección Teología |
||
| 980 |
_81 _gALBERTO SANCHEZ Responsable de Automatización |
||